[Event "Port of Spain op 44th"]
[Site "Port of Spain"]
[Date "2017.05.04"]
[Round "3"]
[White "Valentine, Bryan"]
[Black "Francois, Miguel"]
[Result "0-1"]
[WhiteElo "1499"]
[BlackElo "1748"]
[PlyCount "52"]
[EventDate "2017.04.20"]
[EventType "swiss"]
[EventRounds "7"]
[EventCountry "TRI"]
[SourceTitle "EXT 2018"]
[Source "ChessBase"]
[SourceDate "2017.10.13"]
[SourceVersion "1"]
[SourceVersionDate "2017.10.13"]
[SourceQuality "1"]

1. Nf3 e6 2. c4 Nf6 3. e3 c5 4. Be2 d5 5. 0-0 Nc6 6. cxd5 exd5 7. Bb5 Bd7 8. d4 Bd6 9. dxc5 Bxc5 10. Nc3 Bg4 11. Qa4 Bd7 12. Nxd5 a6 13. Bxc6 Bxc6 14. Nxf6+ Qxf6 15. Qc4 Bd6 16. Qd4 Qg6 17. Nh4 Qh6 18. g3 0-0-0 19. e4 Qe6 20. f3 Bxg3 21. Qa7 Bxh4 22. Qa8+ Kd7 23. Rd1+ Ke7 24. Rxd8 Rxd8 25. Qa7 Qg6+ 26. Kh1 Rd1+ 0-1

[Event "De Verteuil Memorial 24th"]
[Site "Port of Spain"]
[Date "2016.11.03"]
[Round "5"]
[White "Callender, Noel"]
[Black "Francois, Miguel"]
[Result "0-1"]
[WhiteElo "1318"]
[BlackElo "1743"]
[PlyCount "90"]
[EventDate "2016.10.06"]
[EventType "swiss"]
[EventRounds "7"]
[EventCountry "TRI"]
[SourceTitle "EXT 2018"]
[Source "ChessBase"]
[SourceDate "2017.10.13"]
[SourceVersion "1"]
[SourceVersionDate "2017.10.13"]
[SourceQuality "1"]

1. Nf3 e6 2. c4 c6 3. d4 Nf6 4. Nc3 d5 5. Bg5 Bd6 6. e4 dxe4 7. Nxe4 Bb4+ 8. Nc3 Nbd7 9. Qb3 Qa5 10. Bd2 0-0 11. Bd3 e5 12. Be4 exd4 13. Nxd4 Nc5 14. Qc2 Nfxe4 15. Nxe4 Re8 16. 0-0 Nxe4 17. Bxb4 Qxb4 18. Rfe1 Nf6 19. Re2 Bg4 20. Rxe8+ Rxe8 21. Qc3 Qd6 22. Nf3 Bxf3 23. Qxf3 Qd2 24. Qc3 Ne4 25. Qe3 Rd8 26. Qxd2 Nxd2 27. b3 g5 28. f3 f5 29. Kf2 g4 30. Ke2 Nxf3 31. gxf3 Re8+ 32. Kf2 h5 33. fxg4 hxg4 34. Rg1 Kf7 35. Kg3 Kf6 36. Rf1 Kg5 37. Rf2 f4+ 38. Kg2 Re1 39. Rf1 Re2+ 40. Rf2 Rxf2+ 41. Kxf2 Kh4 42. Kg2 f3+ 43. Kg1 Kh3 44. a4 f2+ 45. Kxf2 Kxh2 0-1

[Event "De Verteuil Memorial 24th"]
[Site "Port of Spain"]
[Date "2016.10.13"]
[Round "2"]
[White "Francois, Miguel"]
[Black "Ramos Caldera, Cesar"]
[Result "0-1"]
[WhiteElo "1743"]
[BlackElo "2012"]
[PlyCount "86"]
[EventDate "2016.10.06"]
[EventType "swiss"]
[EventRounds "7"]
[EventCountry "TRI"]
[SourceTitle "EXT 2018"]
[Source "ChessBase"]
[SourceDate "2017.10.13"]
[SourceVersion "1"]
[SourceVersionDate "2017.10.13"]
[SourceQuality "1"]

1. e4 e5 2. Nf3 Nf6 3. d3 d6 4. Be2 c6 5. Nc3 d5 6. exd5 cxd5 7. Nxe5 d4 8. Ne4 Qa5+ 9. Bd2 Qxe5 10. 0-0 Nxe4 11. dxe4 Bc5 12. Bd3 Nc6 13. a3 h5 14. f4 Qe7 15. b4 Bb6 16. Rb1 Bg4 17. Qe1 h4 18. a4 h3 19. g3 0-0 20. a5 Bc7 21. b5 Nd8 22. e5 Qe6 23. Qe4 Qh6 24. Qxd4 Ne6 25. Qf2 Qh5 26. Qe3 b6 27. a6 Rad8 28. Rf2 Nd4 29. Bc3 Nf5 30. Qe4 Rfe8 31. Re1 Bd6 32. Kh1 Bc5 33. Rff1 Nd4 34. Bxd4 Rxd4 35. Qc6 Bd7 36. Qb7 Rxd3 37. cxd3 Bxb5 38. Qe4 Qg4 39. Qd5 Qc8 40. Re4 Rd8 41. Qb3 Bxd3 42. Rfe1 Bxe4+ 43. Rxe4 Qc6 0-1

[Event "De Verteuil Memorial 23rd"]
[Site "Port of Spain"]
[Date "2015.10.15"]
[Round "2"]
[White "Ali, Amy"]
[Black "Francois, Miguel"]
[Result "0-1"]
[WhiteElo "1349"]
[BlackElo "1737"]
[PlyCount "94"]
[EventDate "2015.10.08"]
[EventType "swiss"]
[EventRounds "7"]
[EventCountry "TRI"]
[SourceTitle "CBM 169 Extra"]
[Source "ChessBase"]
[SourceDate "2015.12.18"]
[SourceVersion "1"]
[SourceVersionDate "2015.12.18"]
[SourceQuality "1"]

1. d4 d5 2. c4 e6 3. Nc3 Nf6 4. Nf3 Be7 5. b3 0-0 6. Bb2 Bb4 7. e3 Ne4 8. Rc1 c5 9. Bd3 Qa5 10. Qc2 cxd4 11. Bxe4 dxe4 12. Nxd4 Nc6 13. 0-0 Nxd4 14. exd4 f5 15. Nd1 Bd7 16. Bc3 Rac8 17. Bxb4 Qxb4 18. Qc3 Qa3 19. Qb2 Qe7 20. Nc3 a6 21. f3 Qf6 22. Qd2 exf3 23. Rxf3 Bc6 24. d5 Rcd8 25. Rd3 exd5 26. Nxd5 Qf7 27. Nf4 Rxd3 28. Qxd3 Be4 29. Qc3 Rd8 30. Re1 g5 31. Ne2 Rd3 32. Qb2 Qd7 33. Qc1 Rd2 34. a4 f4 35. Qc3 Qg4 36. Qh3 Qxh3 37. gxh3 f3 38. Kf2 Rxe2+ 39. Rxe2 fxe2 40. Kxe2 Bc2 41. b4 Bxa4 42. c5 Bd7 43. h4 gxh4 44. Ke3 Kg7 45. Kf4 Kg6 46. Ke5 Kg5 47. Kd6 Bc6 0-1

[Event "De Verteuil Memorial 22nd"]
[Site "Port of Spain"]
[Date "2014.10.30"]
[Round "2"]
[White "Francois, Miguel"]
[Black "Ramos Caldera, Cesar"]
[Result "0-1"]
[WhiteElo "1740"]
[BlackElo "2008"]
[PlyCount "46"]
[EventDate "2014.10.16"]
[EventType "swiss"]
[EventRounds "7"]
[EventCountry "TRI"]
[SourceTitle "EXT 2016"]
[Source "ChessBase"]
[SourceDate "2015.10.08"]
[SourceVersion "1"]
[SourceVersionDate "2015.10.08"]
[SourceQuality "1"]

1. e4 e5 2. Nf3 Nf6 3. Bc4 Nxe4 4. d3 Nf6 5. Nxe5 d5 6. Bb3 Bd6 7. 0-0 0-0 8. Nf3 Bg4 9. h3 Bh5 10. Bg5 c6 11. Nc3 Nbd7 12. g4 Bg6 13. Nh4 h6 14. Nxg6 fxg6 15. Be3 Nh7 16. f4 Qh4 17. Qf3 Ng5 18. Qh1 Qg3+ 19. Qg2 Qxe3+ 20. Kh1 Qxh3+ 21. Qxh3 Nxh3 22. Ne4 Bxf4 23. c4 dxe4 0-1

[Event "Port of Spain op"]
[Site "Port of Spain"]
[Date "2014.05.08"]
[Round "2"]
[White "Francois, Miguel"]
[Black "Johnson, Gabriella"]
[Result "1-0"]
[WhiteElo "1719"]
[BlackElo "1630"]
[PlyCount "57"]
[EventDate "2014.05.01"]
[EventType "swiss"]
[EventRounds "7"]
[EventCountry "TRI"]
[SourceTitle "EXT 2015"]
[Source "ChessBase"]
[SourceDate "2014.11.20"]
[SourceVersion "1"]
[SourceVersionDate "2014.11.20"]
[SourceQuality "1"]

1. e4 c5 2. c3 d6 3. Nf3 Nf6 4. e5 dxe5 5. Nxe5 a6 6. Qb3 e6 7. Be2 Qc7 8. Nc4 b5 9. Ne3 Bb7 10. 0-0 Bd6 11. h3 h5 12. Na3 g5 13. Bxb5+ axb5 14. Nxb5 Bh2+ 15. Kh1 Qf4 16. d4 0-0 17. Ng4 hxg4 18. Bxf4 Bxf4 19. Nd6 Bc6 20. dxc5 gxh3 21. f3 g4 22. gxh3 Bxf3+ 23. Rxf3 gxf3 24. Qb7 Ra6 25. Qxf3 Bxd6 26. Rg1+ Kh7 27. Qxf6 Bg3 28. Rxg3 e5 29. Qg7# 1-0